Σύγχρονη γιουγκοσλάβικη τέχνη = Contemporary yugoslavian art
Αποθηκεύτηκε σε:
| Συγγραφή απο Οργανισμό/Αρχή: | |
|---|---|
| Μορφή: | Βιβλίο |
| Γλώσσα: | Greek |
| Δημοσίευση: |
Αθήνα :
Εθνική Πινακοθήκη, Μουσείον Αλεξάνδρου Σούτζου,
1977
|
| Θέματα: | |
| Ετικέτες: |
Προσθήκη ετικέτας
Δεν υπάρχουν, Καταχωρήστε ετικέτα πρώτοι!
|
MARC
| LEADER | 00000nam a2200000 i 4500 | ||
|---|---|---|---|
| 001 | 1/84354 | ||
| 008 | 950623s1977 gre d | ||
| 035 | |a 1989 |b 3 |c Δωρεά |l 10034422 | ||
| 040 | |a GR-MY-UA |b gre |e aacr | ||
| 041 | 0 | |a gre | |
| 082 | 0 | |a 700.497 | |
| 110 | 2 | |a Εθνική Πινακοθήκη - Μουσείο Αλεξάνδρου Σούτζου. | |
| 245 | 1 | 0 | |a Σύγχρονη γιουγκοσλάβικη τέχνη = |b Contemporary yugoslavian art |
| 260 | |a Αθήνα : |b Εθνική Πινακοθήκη, |b Μουσείον Αλεξάνδρου Σούτζου, |c 1977 | ||
| 300 | |a 231 σ. | ||
| 500 | |a Ανω του τίτλου: Υπουργείον Πολιτισμού και Επιστημών | ||
| 650 | 0 | 0 | |a Art, Yugoslav. |
| 852 | |a INST |b LESVOS |e 19950623 |h 700.497 ΣΥΓ |p 005100008538 |q 005100008538 |t BK |y 0 | ||
| 852 | |a INST |b RHODES |e 19970318 |h 700.497 ΣΥΓ |p 005400010340 |q 005400010340 |t BK |y 0 | ||
| 909 | |a Ρ |b 014988 |c 1989 | ||
| 909 | |a Λ |b 022911 | ||
| 922 | |a 1ΔΩΡ |b 199203 | ||